| 000 | 00617nam a22002057a 4500 | ||
|---|---|---|---|
| 999 |
_c20912 _d20912 |
||
| 003 | AR-CdUCM | ||
| 008 | 190402b ||||| |||| 00| 0 spa d | ||
| 040 |
_aMUNICIPALIDAD PROVINCIAL DEL CUSCO _cBIBLIOTECA MUNICIPAL DEL CUSCO |
||
| 082 |
_aEP / 376.16 / _bT57 |
||
| 245 |
_aEl tio Andres : _bDe niños y enanos / |
||
| 260 | _c1952. | ||
| 300 |
_bIlustraciones, _c34 cm. |
||
| 500 | _aTexto sin numeración | ||
| 505 | _aContenido : Cuento. | ||
| 650 |
_a Literatura infantil _9588 |
||
| 650 |
_aCuento. _94671 |
||
| 700 |
_aFrankfurther, Brigitte (ilustración) _943639 |
||
| 942 |
_2ddc _cLIBROS |
||
| 945 | _arcc | ||